=LDR 00000nam 2200000 4500 =001 INLIS000000000027345 =005 20130612125728 =008 ***********************************Ind** =035 ##$$0010-061300000027345 =041 ##$$a Ind =082 ##$$a 614.571 =090 ##$$a 614.571, Ind m =100 ##$$a Indrawan =245 ##$$a Mengenal dan mencegah demam berdarah, Indrawan =260 ##$$a 2001 $b Bandung =300 ##$$a 160 hlm, 14 cm =650 ##$$a Demah berdarah-pencegahan =850 ##$$a NBPNMAT =990 ##$$a 0001/BPAP-NTB/2016